000 00672nam a2200253 a 4500
001 adlib96000001
003 ViArRB
005 200902210153555.7
008 960221s1955 dcuabcdjdbkoqu001 0deng d
020 _a
022 _a
040 _aAdlib
082 _a89M- 1 KU
245 _aPukkalam
250 _a
260 _aKottayam
_bSahitya Pravarthaka Co-operative Society Ltd.
_c1964
300 _a480 p.
_c
500 _a
100 _aKunniramannayar, P
_e
700 _a
_a
942 _cBK
653 _aPukkalam
952 _w2010-06-16
_pH0002289
_r2011-08-01
_40
_00
_bUL
_10
_o89M- 1 KU/ P SPCS
_d2010-06-16
_70
_yBK
_s2011-07-22
_l1
_aUL
999 _c23629
_d23628